Fake news: la verdad de las noticias falsas.

Saved in:
Bibliographic Details
Main Author: Amorós García, Marc (autor)
Other Authors: Évole, Jordi (prólogo)
Format: Unknown
Published: Madrid, España: Plataforma, 2018.
Edition:Primera edición
Subjects:
Tags: Add Tag
No Tags, Be the first to tag this record!

MARC

LEADER 00000 a2200000 4500
003 CL-VaPUC
005 20231207114848.0
008 231204t2018 ||||| |||| 00| 0 eng d
999 |c 442480  |d 442478 
020 |a 978-84-17114-72-5 
040 |c Pontificia Universidad Católica de Valparaíso 
082 |2 22  |a 302.23 AMO 2018 
100 |a Amorós García, Marc  |9 885793  |e autor 
245 |a Fake news: la verdad de las noticias falsas. 
250 |a Primera edición 
260 |a Madrid, España:  |b Plataforma,  |c 2018. 
300 |a 192 páginas. 
583 |k GC  |c 20231204 
650 0 |9 257206  |a Medios de comunicación  |x Impresos y digitales   |x Noticias falsas (fake news)   |v Crítica e interpretación  
650 0 |9 254823  |a Internet   |x Desinformación   |v Estudio de casos  
650 0 |9 886380  |a Periodismo ciudadano  |v Análisis crítico  
700 |a Évole, Jordi  |e prólogo  |9 886359 
942 |2 ddc  |c BK 
952 |0 0  |1 0  |2 ddc  |4 0  |6 302_230000000000000_AMO_2018  |7 0  |8 A  |9 592728  |a BIBCUR  |b BIBCUR  |c GEN  |d 2023-12-01  |e 3  |g 13160.00  |i 5659720  |o 302.23 AMO 2018  |p 5659720  |r 2025-04-22  |t 1  |v 13160.00  |w 2023-12-01  |y BK  |k PER